000 01431nam a2200385 a 4500
001 000111957
003 CHAP
005 20220329144238.0
008 151111s2015 mx a fsm |||||||spa d
010 _a108418
011 _a109390
040 _cCHAP
090 _aTesis
100 1 _aÁvila Valdivia, Alfonso
_9130017
245 1 0 _aAlmacenamiento de carbono en los ecosistemas del suelo de conservación del Distrito Federal /
_h[En línea]
_cpor Alfonso Ávila Valdivia y José Luis Hernández Rubio.
260 _aChapingo, Méx. :
_bEl autor,
_c2015.
500 _aPara ver el contenido del material haga clic en la liga
502 _aTesis (Ing. Forestal) -- UACH. División de Ciencias Forestales
590 _aBATCH
_b00
_c20181121
_lUCH01
_h0758
590 _aE11695DGD
_b10
_c20151114
_lUCH01
_h1036
590 _aE6096MTM
_b05
_c20151111
_lUCH01
_h0834
590 _aE6096MTM
_b05
_c20151111
_lUCH01
_h0835
650 1 4 _aBosques
_xMéxico (D.F.)
_914347
650 1 4 _aCarbono
_xEfecto en plantas.
_918831
650 1 4 _aEcosistema
_zMéxico (D.F.).
_9126288
650 1 4 _aSuelos
_xCarbón en.
_9110233
650 1 4 _aSuelos
_xConservación
_zMéxico (D.F.).
_9110323
650 1 4 _aSuelos
_xEcología.
_9110343
700 1 _aHernández Rubio, José Luis
_9130018
856 _a1
_n0000647
856 _aFinding aid
_uhttp://10.13.5.2/tesis/sist111957.pdf
_zTeclea aquí
901 _aBK
942 _cTESIS
942 _n0
999 _c108418
_d108418